| 000 | 00993cam a2200265 i 4500 | ||
|---|---|---|---|
| 001 | 67753 | ||
| 003 | Mx-PuUPA | ||
| 005 | 20230118082336.0 | ||
| 008 | 140415s1999 xxu r 000 0 eng d | ||
| 040 |
_aMX-PuUPA _bspa _erda _cMx-PuUPA _dMx-PuUPA |
||
| 041 | 0 | _aeng | |
| 100 | 1 |
_aSouthgate, Christopher, _d1953- _eautor _9835 |
|
| 245 | 1 | 0 |
_aGod, humanity and the cosmos : _ba textbook in science and religion / _cChristopher Southgate, Celia Deane-Drummond, Paul D. Murray [y otros cinco]. |
| 264 | 1 |
_aUnited States of America : _bTrinity Press International, _c1999 |
|
| 300 |
_axxviii, 449 páginas : _bilustraciones ; _c24 cm. |
||
| 336 |
_atexto _2rdacontent _btxt |
||
| 337 |
_asin medio _2rdamedia _bn |
||
| 338 |
_avolumen _2rdacarrier _bnc |
||
| 650 | 7 |
_aReligión y ciencia _2armarc |
|
| 700 | 1 |
_aDeane-Drummond, Celia _eautor _9836 |
|
| 700 | 1 |
_aMurray, P. D. _q(Paul D.) _eautor _9837 |
|
| 942 |
_h215 _iS715 _cLI _2ddc |
||
| 999 |
_c67753 _d67753 |
||